000 00238nam a22001097a 4500
082 _a823
_bUNK/M
100 _aUNKNOWN
245 _aMORAL STORY BOOK
260 _aMADURAI
_bSRIRAM PUBLICATIONS
650 _aENGLISH STORY
_zINDIA
942 _cBK
999 _c7514
_d7514